Bars d'Esbjerg - Statistiques

Statistiques générales
  • Ce quiz a été pris 5 fois
  • Le résultat moyen est 7 sur 10
Statistiques - réponses
Hint Réponse % Correct
Dr No n'a qu'à bien se tenir 007
100%
Le meilleur bar du monde au guide Michelin King George
100%
On peut nager dedans les jours de pluie Little London
100%
On peut y passer son Bosiet Stalden
100%
Numero gagnant d'un jeu de dé 31
67%
Personne ne sait le prononcer Bryghus
67%
Semblable à des pommes de terre Rustik
67%
On y passe des commandes par douzaine Kasket Karl
33%
On y fait des paquitos Secret Garden
33%
C'est cher mais c'est bon Street food
33%
Aucun quiz correspondant
Distribution des résultats
% des personnes avec chaque résultat
Percentile par nombre de réponses
Votre historique - résultats
Vous n’avez pas pris ce quiz